Regulacin̤ econm̤ica y estado de derecho

Detalles Bibliográficos
Autor principal: Ruiz Palazuelos, Nuria
Formato: eBook
Lenguaje:español
Publicado: Madrid: Instituto Nacional de Administracin̤ Pb︢lica (INAP), 2018
Materias:
Acceso en línea:Acceso restringido

MARC

LEADER 00000nam a22000007a 4500
005 20190411011726.0
007 cr|||| ||||
008 190411s2018 es |||||s|||| 00||0 spa d
020 |a 978-84-7351-648-8 
035 |a 23121 
040 |a vLex 
090 |c 8586  |d 8586 
100 1 |a Ruiz Palazuelos, Nuria 
245 1 0 |a Regulacin̤ econm̤ica y estado de derecho  |h [Recurso electrn̤ico] /  |c Nuria Ruiz Palazuelos 
256 |a Servicio en ln̕ea 
260 |a Madrid:  |b Instituto Nacional de Administracin̤ Pb︢lica (INAP),  |c 2018 
300 |a 1 recurso electrn̤ico 
500 |a El modelo de regulacin̤ econm̤ica que desde finales del siglo XX se extiende en Europa como consecuencia de las liberalizaciones de los grandes sectores econm̤icos plantea interrogantes de importancia sustancial para el Derecho pb︢lico de nuestros da̕s: ¿en qu ̌medida este nuevo modelo ha afectado al papel que asume el Estado en la sociedad contemporǹea? ¿Se han alterado sus finalidades? ¿Cul̀es son las repercusiones de este nuevo modelo de intervencin̤ pb︢lica en la economa̕ sobre los principios constitucionales que rigen la actividad de la Administracin̤ pb︢lica? ¿Ha tenido esta evolucin̤ alguna consecuencia desde el punto de vista democrt̀ico? El presente libro pretende analizar sistemt̀icamente este conjunto de interrogantes, as ̕como proponer un concepto de regulacin̤ econm̤ica a partir del marco proporcionado por el Derecho europeo en la materia y de los postulados constitucionales en el que este modelo se encuadra. Una obra, pues, de interš para todo lector interesado no sl̤o en la nocin̤ de regulacin̤ econm̤ica y sus fines, sino tambiň en los problemas que esta funcin̤ plantea desde el punto de vista democrt̀ico por importante concentracin̤ de poder de los organismos que la ejercen. 
506 1 |a Disponible solo en los productos indicados  |d vLex Global  |d vLex Global (Academic Edition, excluding Law Schools)  |d vLex Global (U.S. Academic Edition, Law Schools)  |d vLex Global (U.S. Academic Edition, excluding Law Schools)  |d vLex Global (Academic Edition, Law Schools) 
650 0 4 |a Actividad Administrativa  |z Espaą 
740 0 |a vLex Libros (Servicio en ln̕ea) 
856 4 0 |u http://vlex.com/source/regulacion-economica-y-estado-de-derecho-23121  |z Acceso restringido 
942 |c BOOK 
999 0 |a Administrative Activity